000 00547nmm a2200193Ia 4500
008 251105s9999||||xx |||||||||||||||||und||
020 _a9788433968906
041 _aspa
100 _aZulaika Goicoechea, Jesús
245 0 _aAmsterdam
264 _a[Madrid, España] :
_bEditorial Anagrama,
_c2012
300 _a200 páginas
490 _aPanorama de narrativas
650 _aEnglish Narrative
700 _aZulaika Goicoechea, Jesús
700 1 _a McEwan, Ian
856 _uhttps://public.digitaliapublishing.com/a/32715
942 _cCF
999 _c72831
_d72831